| 000 | 01677nam0a2200373 4500 | ||
|---|---|---|---|
| 001 | RU\NLR\bibl\205809 | ||
| 005 | 20260407070628.0 | ||
| 010 |
_a5-7659-0062-3 _9500 |
||
| 021 |
_aRU _b2001-28464 _91364 |
||
| 035 | _a(NLR Aleph) 000202065 | ||
| 090 |
_a1171242 _c1171242 |
||
| 100 | _a20011114d2001 |||y0rusy50 ca | ||
| 101 | 0 | _arus | |
| 102 | _aRU | ||
| 105 | _aa ||||||||| | ||
| 200 | 1 |
_aЦентр документации новейшей истории Удмуртской Республики _eПутеводитель _e[Справ.-указ. _fКом. по делам арх. при Правительстве Удмурт. Респ...] |
|
| 210 |
_aИжевск _cУдмуртия _d2001 |
||
| 215 |
_a311 с. _cил. _d22 |
||
| 225 | 1 | _aАрхивы России | |
| 320 | _aУказ. фондов, включ. в путеводитель, имен. и геогр.: с. 279-300 | ||
| 607 |
_aУдмуртская Республика _jАрхивы _jПутеводители _xИстория _z20 в. _92225929 _3RU\NLR\auth\661336277 |
||
| 610 | 0 | _aУдмуртская Республика - История - Архивные фонды | |
| 610 | 0 | _aУдмуртия, история | |
| 675 |
_a94(470.51):930.25(035.5) _v3 _zrus |
||
| 686 |
_a03.19 _2rugasnti |
||
| 686 |
_a63.3(2Рос.Удм)я2 _2rubbk |
||
| 686 | _aТ3(2Р-6У)7л65 | ||
| 710 | 0 | 2 |
_aЦентр документации новейшей истории Удмуртской Республики _3RU\NLR\AUTH\8810034135 _9566710 |
| 801 | 0 |
_aRU _bRKP _c20011114 _gPSBO |
|
| 801 | 1 |
_aRU _bRKP _c20011114 |
|
| 801 | 2 |
_aRU _bNLR _c20011210 _grcr |
|
| 942 | _cBOOK | ||
| 980 | _aNB | ||